Państwa w południowej części Afryki - Nagła śmierć - Statystyki

Ogólne statystyki
  • Ten quiz został rozwiązany 14 razy
  • Średni wynik to 10 z 16
Answers on the Grid
Answers color-coded by a green-red scale on the quiz's grid according to % correct below.
Wybrzeże Kości Słoniowej
Kongo
Kenia
Madagaskar
Kamerun
Togo
Ghana
Zambia
Komory
Burundi
Sudan Południowy
Eswatini
Cypr
Somalia
Namibia
Gabon
Republika Środkowoafrykańska
Botswana
Syria
Etiopia
Gwinea Równikowa
Wyspy Świętego Tomasza i Książęca
Lesotho
Gwinea
Erytrea
Republika Południowej Afryki
Nigeria
Czad
Oman
Sudan
Demokratyczna Republika Konga
Dżibuti
Benin
Niger
Mauritius
Malta
Maroko
Tunezja
Mozambik
Izrael
Mauretania
Senegal
Republika Zielonego Przylądka
Angola
Burkina Faso
Tanzania
Gambia
Gwinea Bissau
Zimbabwe
Algieria
Sierra Leone
Seszele
Liberia
Uganda
Rwanda
Mali
Malawi
Egipt
Jemen
Libia
 
Statystyki odpowiedzi
Odpowiedź % Poprawnych
Lesotho
77%
Mozambik
77%
Republika Południowej Afryki
77%
Zimbabwe
77%
Angola
69%
Botswana
69%
Eswatini
69%
Namibia
69%
Madagaskar
62%
Malawi
62%
Zambia
62%
Mauritius
46%
Tanzania
46%
Demokratyczna Republika Konga
38%
Komory
38%
Seszele
31%
Nie znaleziono quizów pasujących do podanych kryteriów
Rozkład punktacji
Procent ludzi z każdym wynikiem
Percentyl według liczby udzielonych odpowiedzi
Twoja historia wyników
Nie rozwiązałeś tego quizu